The dilemma of the liberated ; an interpretation of twentieth century humanism /

Bibliographic Details
Main Author: Munson, Gorham Bert, 1896-1969
Format: Book
Language:English
Published: New York : Coward-McCann, inc., 1930.
Subjects:

MARC

Tag First Indicator Second Indicator Subfields
LEADER 00000cam a2200000 4500
001 in00000038638
005 20151007081203.0
008 720823s1930 eng u
010 |a  30025913  
035 |a (OCoLC)00387748 
035 |9 AAF5999AM 
040 |c KSU  |d TXA  |d UtOrBLW 
049 |a TXAM  |c [247030] 
050 0 |a B821  |b .M8 
092 |a 149.9  |b M969d 
100 1 |a Munson, Gorham Bert,  |d 1896-1969. 
245 1 4 |a The dilemma of the liberated ;  |b an interpretation of twentieth century humanism /  |c by Gorham Munson. 
264 1 |a New York :  |b Coward-McCann, inc.,  |c 1930. 
300 |a xi, 304 pages ;  |c 23 cm. 
336 |a text  |b txt  |2 rdacontent 
337 |a unmediated  |b n  |2 rdamedia 
338 |a volume  |b nc  |2 rdacarrier 
504 |a "Acknowledgements": pages 302-304. 
650 0 |a Humanism  |x History  |y 20th century. 
999 |a MARS 
999 f f |s 995c780d-7a95-31cc-a877-688fc3d2ccf4  |i 74d50338-c50d-3570-9982-ef6a8d471c26  |t 0 
952 f f |p ric  |a Texas A&M University  |b Rellis Campus  |c Joint Library Facility  |d Remote Storage  |t 0  |e B821 .M8  |h Library of Congress classification  |i unmediated -- volume  |m A14800519674 
998 f f |a B821 .M8  |t 0  |l Remote Storage